书目信息 |
| 题名: |
Visual Basic 6.0 编程案例精解
|
|
| 作者: | 张路平 , 邵谦谦 , 喻波 编著 | |
| 分册: | ||
| 出版信息: | 北京 电子工业出版社 2005.04 |
|
| 页数: | 10, 370页 | |
| 开本: | 26cm | |
| 丛书名: | ||
| 单 册: | ||
| 中图分类: | TP312 | |
| 科图分类: | ||
| 主题词: | BASIC语言--BASIC yu yan--程序设计 | |
| 电子资源: | ||
| ISBN: | 7-121-01121-2 | |
| 000 | 00944nam0 2200253 450 | |
| 001 | 010278618328 | |
| 005 | 20051207160329.96 | |
| 010 | @a7-121-01121-2@dCNY32.00 | |
| 100 | @a20050915d2005 km y0chiy0120 ea | |
| 101 | 0 | @achi |
| 102 | @aCN@b110000 | |
| 105 | @aa z 000yy | |
| 200 | 1 | @aVisual Basic 6.0 编程案例精解@AVisual Basic 6.0 bian cheng an li jing jie@f张路平, 喻波, 邵谦谦等编著@Fzhang lu ping,yu bo,shao qian qian deng bian zhu |
| 210 | @a北京@c电子工业出版社@d2005.04 | |
| 215 | @a10, 370页@c图@d26cm | |
| 330 | @a本书介绍了Visual Basic 6.0程序设计的相关知识。主要内容包括:Visual Basic基础;员工管理系统;网络五子棋Go-moku等。 | |
| 333 | @a程序设计人员及计算机爱好者。 | |
| 606 | 0 | @aBASIC语言@ABASIC yu yan@x程序设计 |
| 690 | @aTP312@v4 | |
| 701 | 0 | @a张路平@Azhang lu ping@4编著 |
| 701 | 0 | @a邵谦谦@Ashao qian qian@4编著 |
| 701 | 0 | @a喻波@Ayu bo@4编著 |
| 801 | 0 | @aCN@bQSSK@c20051207 |
| 905 | @a10447@dTP312@eZ134 | |
| Visual Basic 6.0 编程案例精解/张路平, 喻波, 邵谦谦等编著.-北京:电子工业出版社,2005.04 |
| 10, 370页:图;26cm |
| 使用对象:程序设计人员及计算机爱好者。 |
| ISBN 7-121-01121-2:CNY32.00 |
| 本书介绍了Visual Basic 6.0程序设计的相关知识。主要内容包括:Visual Basic基础;员工管理系统;网络五子棋Go-moku等。 |
| ● |
| 相关链接 |
|
|
|
正题名:Visual Basic 6.0 编程案例精解
索取号:TP312/Z134
 
预约/预借
| 序号 | 登录号 | 条形码 | 馆藏地/架位号 | 状态 | 备注 |
| 1 | 546312 | 205463121 | 自科库301/404自科库 11排1列4层/ [索取号:TP312/Z134] | 在馆 | |
| 2 | 546313 | 205463130 | 期刊室512/301自科库 77排1列3层/ [索取号:TP312/Z134] | 在馆 | |
| 3 | 546314 | 205463149 | 期刊室512/301自科库 77排1列3层/ [索取号:TP312/Z134] | 在馆 | |
| 4 | 573002 | 205730020 | 自科库301/301自科库 53排6列4层/ [索取号:TP312/Z134] | 在馆 | |
| 5 | 573003 | 205730039 | 自科库301/301自科库 53排6列4层/ [索取号:TP312/Z134] | 在馆 |